00719nam a22002177a 450000500170000001000110001702000220002803500110005003700160006104000120007708200130008910000240010224500660012626000380019227000230023030000210025365000340027494200220030899900190033095201520034920170124110035.0 a664286 c00.00a0224006800 a664286 bCen Lib/Ret adplbEN a887bROT aRoth, Philip922476 aOur gang :cby Philip Rothbstarring tricky and his friends / bJonanthan Cape Ltd.aLondonc1971 a30, Redfort Square a200p. c20cm(Hb) aPresidents -- Fiction.922477 2ddccENh887mROT c128128d128128 04104070aLbLd2015-07-01eCen Lib/Retg0.00l0o887 ROTp664286r2015-07-01 00:00:00t1v0.00w2015-07-01yENzW/d List No. 3395/4:Dtd 07/04/21